| 000 | 00683nam a2200253 a 4500 | ||
|---|---|---|---|
| 001 | nice12345678 | ||
| 003 | IN_TiNIC | ||
| 005 | 20260116011533.0 | ||
| 008 | 050524s1996 hara grp 000 0 urd | ||
| 020 |
_a _c100 |
||
| 082 | 0 | 0 |
_a297.409 _bFAR4 |
| 100 | _aFaruqi, Mohd Akbar Husain | ||
| 245 |
_aTazkira Maulana Ahmed Allah Shah Shaheed _b Masar-E-Dilawari |
||
| 260 |
_aHardoi-U P _bKutub Khana Faruqi _c1996 |
||
| 300 | _a292p | ||
| 500 | _aincludes index and biblioraphy | ||
| 505 | 2 | _aBibliography | |
| 650 | _aSufism-Hagiography | ||
| 650 | _aAhmad Allah Shah Shaheed | ||
| 700 | 1 | _aFaruqi, Mohd Akbar Husain | |
| 902 | _bSRS | ||
| 942 | _cBK | ||
| 999 |
_c2422 _d2422 |
||